000 02430cam a2200313 4500500
005 20260329020913.0
041 _afre
042 _adc
100 1 0 _aDesmas, Aline
_eauthor
245 0 0 _aDire ou taire l’absence
260 _c2026.
500 _a7
520 _aCet article examine les non-dits liés aux séparations familiales en contexte d’asile. Il s’appuie sur une enquête ethnographique de trois ans auprès de familles hébergées dans les centres d’accueil pour demandeurs d’asile (Cada). L’analyse des conditions d’émergence de la parole révèle en creux les contours des silences et leurs logiques sous-jacentes, à trois niveaux : au sein des Cada, des familles mais aussi de l’enquête. Les tactiques des parents et des enfants pour dissimuler ou, à l’inverse, dévoiler apparaissent alors, entre méfiance et volonté de dire. Elles nourrissent la réflexion sur les temporalités et les spatialités de la vie quotidienne sous contraintes dans les Cada. Les secrets familiaux peuvent aussi être compris comme une forme de care intergénérationnel.
520 _aThis article examines the unspoken regarding family separations in an asylum context. It draws on a three-year-long ethnographic research with families accommodated in reception centres for asylum seekers (CADA in French). Analysing the conditions in which speaking can arise implicitly reveals the contours of silences and their underlying logics on three levels : within the CADA, the families and the research process itself. Parents’ and children’s tactics to conceal or, on the contrary, disclose emerge, caught between mistrust and a desire to share. These dynamics contribute to a broader reflection on the temporalities and spatialities of everyday life under constraint in the CADA. Eventually, family secrets can also be understood as a form of intergenerational care.
690 _acare
690 _améfiance
690 _anon-dits
690 _asecrets
690 _aséparation
690 _atactiques
690 _acare
690 _amistrust
690 _asecrets
690 _aseparation
690 _atactics
690 _aunspoken
786 0 _nRevue des politiques sociales et familiales | 156 | 1 | 2026-03-10 | p. 95-103 | 2431-4501
856 4 1 _uhttps://shs.cairn.info/revue-revue-des-politiques-sociales-et-familiales-2026-1-page-95?lang=fr&redirect-ssocas=7080
999 _c1908662
_d1908662